000 01551nam a22002537a 4500
005 20151125114449.0
008 150929n fr ||||fr|||| 00| 0 fre d
040 _cSandra Yazo
_dSandra Yazo
041 0 _afre
082 0 4 _220
_a305.8
092 _aE37N096
100 1 _971645
_aDemolins, Edmond
_d1852-1907
242 0 0 _aEn qué se fundamenta la superioridad de los anglosajones
_cEdmundo Demolins
_yspa
245 1 0 _aA quoi tient la supériorité des Anglo - Saxons
_cEd. Demolins
260 _aParís (Francia)
_bFirmin Didot et Cie., Imprimeurs-Éditeurs [Fermín Didot y Compañía. Impresores – Editores]
_c[fecha desconocida]
300 _axxxii, 464 páginas
_c18 x 12 cm.
500 _aDetalles físicos: Encuadernación rígida (holandesa), cartón forrado en papel. Lomo de tela texturizada con adornos en dorado. Guardas. Anteportada. Portada impresa en una sola tinta. Texto impreso en una sola columna. Notas de pie de página. Varias hojas con rayones, papel manchado
505 2 _aFranceses y Anglosajones en la escuela: Los sistemas escolares franceses, ingleses y alemanes ¿forman hombres? Cómo deben crecer nuestros hijos ; Franceses y Anglosajones en la vida privada ; Franceses y Anglosajones en la vida pública: actitudes diferentes ante el socialismo ; Diferencia en los conceptos de patria ; Diferentes ideas sobre la solidaridad
506 _aConsulta en sala
546 _aTexto en francés
650 7 _aSociología
_924766
690 _942914
_aSociología
942 _2LOCAL
_cLIBRO
_e1
_hE37N096
999 _c301707
_d301707